000 00376pab a2200145 454500
008 180718b1983 xxu||||| |||| 00| 0 eng d
100 _aWendt, Paul F.
245 _aThe future of investment in real estate
260 _c1983
300 _a110-20
362 _aSummer
650 _aReal Estate Investment - U.S.A.
773 _aCalifornia Management Review
909 _a17053
999 _c17053
_d17053